000 00558nam a2200169 a 4500
001 000014240
005 20200929163533.0
008 091208s1984 dr a 000 0 spa d
040 _aDO-SdBNP
_bspa
_cBNPHU
082 _axxx
_bE92r
110 1 _aRepública Dominicana.
_bSecretariado Técnico de la Presidencia
_932024
245 1 0 _aEvaluación y reformulación del plan trienal de inversiones públicas.
260 _aSanto Domingo :
_bLetra Grande,
_c1984.
300 _a90 p. :
_bil. ;
_c28 cm.
500 _aincluye nota al pie de página
049 _aBNPD
999 _c13839
_d13839